000 00550nam a22001697a 4500
005 20260304105903.0
008 260304b |||||||| |||| 00| 0 eng d
020 _a978818171418398
050 _aGE70
_b.L39
100 _aLAXMI,GANTA VENKATA
245 _aMETHOD OF TEACHING ENVIRONMENTAL SCIENCE
260 _aINDIA
_bDISCOVERY PUBLISHING HOUSE PVT LTD.
_c2016
300 _a331p.
_bILL
650 _a1. ENVIRONMENTAL SCIENCES- STUDY AND TEACHING
_v2. ENVIRONMENTAL EDUCATION
700 _a2. SUBBAIAH, G. L. 3. RAO, DIGUMARTI BHASKRA
942 _cBK
999 _c4577
_d4577